Contemporary : (Record no. 353285)
[ view plain ]
| 000 -LEADER | |
|---|---|
| fixed length control field | 01834 a2200265 4500 |
| 003 - CONTROL NUMBER IDENTIFIER | |
| control field | OSt |
| 005 - DATE AND TIME OF LATEST TRANSACTION | |
| control field | 20180116192400.0 |
| 008 - FIXED-LENGTH DATA ELEMENTS--GENERAL INFORMATION | |
| fixed length control field | 120702t xxu||||| |||| 00| 0 eng d |
| 020 ## - INTERNATIONAL STANDARD BOOK NUMBER | |
| International Standard Book Number | 0714837571 (paperback) |
| 020 ## - INTERNATIONAL STANDARD BOOK NUMBER | |
| International Standard Book Number | 9780714837574 (paperback) |
| 040 ## - CATALOGING SOURCE | |
| Transcribing agency | 0 |
| 082 04 - DEWEY DECIMAL CLASSIFICATION NUMBER | |
| Classification number | 728.3709045 |
| 100 1# - MAIN ENTRY--PERSONAL NAME | |
| Personal name | Jackson, Lesley. |
| 9 (RLIN) | 5261 |
| 245 10 - TITLE STATEMENT | |
| Title | Contemporary : |
| Remainder of title | architecture and interiors of the 1950s/ |
| Statement of responsibility, etc. | Lesley Jackson. |
| 260 ## - PUBLICATION, DISTRIBUTION, ETC. | |
| Place of publication, distribution, etc. | London : |
| Name of publisher, distributor, etc. | Phaidon Press, |
| Date of publication, distribution, etc. | 1998. |
| 300 ## - PHYSICAL DESCRIPTION | |
| Extent | 240 p. : |
| Other physical details | ill. ; |
| Dimensions | 29 cm. |
| 520 ## - SUMMARY, ETC. | |
| Summary, etc. | This text provides a definition and examination of the so-called "contemporary" style that dominated architecture and design from the late 1940s and throughout the 1950s. In those years of increasing promise and prosperity, a fresh and liberating style was hallmarked by open-plan interiors and vibrant fabric design, manifesting itself in the picture window and the open plan; in vibrant fabric design and printed wall coverings; in new forms of furniture from Scandinavia and stylish light fittings from Italy; and most tellingly in the "Contemporary" kitchen with its fitted units and "mod con" appliances. Included is work by Charles Eames, Pierre Koenig, Arne Jacobsen and Lucienne Day. More than a collection of 50s nostalgia, this book provides a survey of trends in taste and interior design at the time of economic regeneration that affected not only people's homes but their communities and public buildings. |
| 650 10 - SUBJECT ADDED ENTRY--TOPICAL TERM | |
| Topical term or geographic name entry element | International style (Architecture) |
| 9 (RLIN) | 5262 |
| 650 10 - SUBJECT ADDED ENTRY--TOPICAL TERM | |
| Topical term or geographic name entry element | Architecture, Domestic |
| 9 (RLIN) | 5263 |
| 650 10 - SUBJECT ADDED ENTRY--TOPICAL TERM | |
| Topical term or geographic name entry element | Architecture, Modern |
| 9 (RLIN) | 5264 |
| 650 10 - SUBJECT ADDED ENTRY--TOPICAL TERM | |
| Topical term or geographic name entry element | Interior decoration |
| 9 (RLIN) | 5265 |
| 856 40 - ELECTRONIC LOCATION AND ACCESS | |
| Materials specified | Amazon.com |
| Uniform Resource Identifier | <a href="http://www.amazon.com/exec/obidos/ASIN/0714837571/chopaconline-20">http://www.amazon.com/exec/obidos/ASIN/0714837571/chopaconline-20</a> |
| 942 ## - ADDED ENTRY ELEMENTS (KOHA) | |
| Institution code [OBSOLETE] | SADA |
| Koha item type | Book |
| Call number prefix | 728.3709045 JAC 1998 |
| Source of classification or shelving scheme | |
| 952 ## - LOCATION AND ITEM INFORMATION (KOHA) | |
| -- | BOOK |
| Withdrawn status | Lost status | Source of classification or shelving scheme | Damaged status | Not for loan | Permanent Location | Current Location | Date acquired | Total Checkouts | Full call number | Barcode | Date last seen | Date last checked out | Cost, replacement price | Price effective from | Koha item type |
|---|---|---|---|---|---|---|---|---|---|---|---|---|---|---|---|
| School of Art Design and Architecture (SADA) | School of Art Design and Architecture (SADA) | 06/29/2011 | 1 | 728.3709045 JAC 1998 | SADA0001477 | 06/30/2016 | 06/21/2016 | 2688.00 | 08/05/2011 | Book |
